|
|
|
|
| LEADER |
00841nam a22002057a 4500 |
| 003 |
GR-PaULI |
| 005 |
20210117210930.0 |
| 007 |
ta |
| 008 |
190705s1950 - ||||f |||| 00| 0 eng d |
| 952 |
|
|
|0 0
|1 0
|2 lcc
|4 0
|6 H0031
|7 1
|9 233618
|a MEDI
|b MEDI
|c DON
|d 2019-07-05
|i 684
|l 0
|o H31
|p 025000175537
|r 2019-07-05 00:00:00
|t 1
|v 2019.00
|w 2019-07-05
|y BKN
|z Δωρεά Β. Βαλαώρα (αίθουσα δωρεών)
|
| 999 |
|
|
|c 141762
|d 141762
|
| 040 |
|
|
|a GR-PaULI
|b gre
|c GR-PaULI
|e AACR2
|
| 060 |
|
|
|a H31
|
| 110 |
2 |
|
|9 176895
|a Russell Sage Foundation
|
| 245 |
1 |
0 |
|a Russell Sage Foundation annual report 1950-1951.
|
| 260 |
|
|
|a New York :
|b Russell Sage Foundation,
|c 1950.
|
| 300 |
|
|
|a 43 σ. ;
|c 23 εκ.
|
| 650 |
|
4 |
|9 5609
|a Κοινωνικές συνθήκες
|z Ηνωμένες Πολιτείες Αμερικής
|
| 942 |
|
|
|2 lcc
|c BKN
|
| 998 |
|
|
|c ΜΑΝΙΑΚΗ
|d 2019
|